| 000 | 01251cam a2200301 i 4500 | ||
|---|---|---|---|
| 003 | OSt | ||
| 005 | 20260220114405.0 | ||
| 008 | 260219s2022 su g b 000 0 ara c | ||
| 024 | 0 | _a30018000232859 | |
| 040 |
_aSA-JeALM _bara _cSA-RiAUC _erda |
||
| 050 | 4 | _bA36 2022 | |
| 082 | 0 | 4 |
_a217.7 _qSA-RiAUC |
| 090 |
_a217.7 _bع ب د ح |
||
| 100 | 1 |
_aعبدالحق المكي، عبدالحفيظ ملك _eمؤلف. |
|
| 245 | 1 | 0 |
_aجماعة التبليغ أكبر حركة إصلاحية عالمية / _cعبدالحفيظ ملك عبدالحق المكي |
| 250 | _aالطبعة الأولى. | ||
| 264 | 1 |
_aدبي - الامارات العربية المتحدة : _bمكتبة الحرمين : _c2005 |
|
| 300 |
_a254 صفحة ؛ _c24 سم. |
||
| 336 |
_aنص _btxt _2rdacontent _3كتاب |
||
| 337 |
_aبدون وسيط _bn _2rdamedia |
||
| 338 |
_aمجلد _bnc _2rdacarrier |
||
| 500 | _aختم اهداء من حسن بن شعيب الى الشيخ رحمه الله . | ||
| 610 | 2 | 7 |
_aجماعة التبليغ _2aucnm |
| 650 | 7 |
_aالأصولية الإسلامية _xتاريخ _2aucsh |
|
| 650 | 7 |
_aالحركات الإسلامية _xتاريخ _2aucsh |
|
| 942 |
_2ddc _cBOOK _n0 |
||
| 949 |
_aSA-JeALM _d260219 _uosman123 _n1 |
||
| 999 |
_c14387 _d14387 |
||